000 00404nam a2200145Ia 4500
008 231129s2010||||xx |||||||||||||| ||spa||
020 _a978-958-8596-46-4
040 _bspa
082 _aCo861.5 A174n
100 _aAcevedo Juan Carlos
245 0 _aNoticias del tercer mundo: antologí­a personal
260 _c2010
264 _aCaza de Libros
942 _2ddc
_cBKS
999 _c21800
_d21800